000 01199cam a2200325 a 4500
001 1982754
003 OSt
005 20160804160356.0
008 891121s1991 nyua b 001 0 eng
010 _a 89049249
020 _a0385265840 :
_c$10.00 ($13.00 Canada)
035 _a(DLC)1982754
035 _a(DLC)89049249
040 _aDLC
_cDLC
_dDLC
050 0 0 _aQA39.2
_b.S684 1991
082 0 0 _a512/.1
_220
100 1 _aSperling, Abraham Paul,
_d1912-
245 1 0 _aMathematics made simple /
_cAbraham Sperling and Monroe Stuart ; edited and prepared for publication by the Stonesong Press, Inc.
250 _a5th ed. /
_brevised by Christine M. Peckaitis.
260 _aNew York :
_bMade Simple Books,
_c1991.
300 _a272 p. :
_bill. ;
_c26 cm.
500 _aIncludes index.
650 0 _aMathematics.
700 1 _aStuart, Monroe.
700 1 _aPeckaitis, Christine M.
856 4 2 _3Publisher description
_uhttp://www.loc.gov/catdir/description/random0413/89049249.html
906 _a7
_bcbc
_corignew
_d1
_eocip
_f19
_gy-gencatlg
942 _2lcc
_cBOOKS
999 _c12527
_d12527